Časové rozlišovanie v podvojnom účtovníctve pre podnikateľov
Ak má výsledok hospodárenia účtovnej jednotky podávať pravdivý a verný obraz o hospodárení, musí sa vypočítať z nákladov a výnosov, ktoré s týmto obdobím časovo a vecne súvisia, čo znamená, že musí byť dodržaný princíp priradenia nákladov a výnosov k správnemu účtovnému obdobiu – náklady a výnosy sa...
Salvato in:
| Autore principale: | |
|---|---|
| Natura: | Capitolo di libro |
| Lingua: | slovacco |
| Soggetti: | |
| Tags: |
Nessun Tag, puoi essere il primo ad aggiungerne!!
|
MARC
| LEADER | 00000naa a2200000 4500 | ||
|---|---|---|---|
| 001 | 0260554 | ||
| 005 | 20221104110801.5 | ||
| 041 | 0 | |a slo | |
| 044 | |a SK | ||
| 245 | 1 | 0 | |a Časové rozlišovanie v podvojnom účtovníctve pre podnikateľov |c Ľudmila Novotná |
| 520 | |a Ak má výsledok hospodárenia účtovnej jednotky podávať pravdivý a verný obraz o hospodárení, musí sa vypočítať z nákladov a výnosov, ktoré s týmto obdobím časovo a vecne súvisia, čo znamená, že musí byť dodržaný princíp priradenia nákladov a výnosov k správnemu účtovnému obdobiu – náklady a výnosy sa musia časovo rozlišovať. | ||
| 610 | 2 | 0 | |a jednotka účtovná |
| 610 | 2 | 0 | |a podnikatelia |
| 610 | 2 | 0 | |a účtovníctvo podvojné |
| 610 | 2 | 0 | |a rozlíšenie časové |
| 610 | 2 | 0 | |a jednotka zobrazovacia |
| 610 | 2 | 0 | |a náklady |
| 610 | 2 | 0 | |a výnosy |
| 100 | 1 | |a Novotná, Ľudmila | |